Sports Quiz

Random Sports or Football Quiz

Football Records in England Quiz Stats

 Plays Quiz not verified by Sporcle

Score 0/19 Timer 07:00
0 Plays Today
Record Player/Team % Correct
Most League Titles WonManchester United
99.9%
Most League Titles WonLiverpool [18]
99%
Most wins - OverallLiverpool [1756]
99%
A Team who have completed a season unbeatenArsenal or Preston North End
98.7%
Most consecutive seasons in top-flightArsenal [85 seasons]
98.4%
Most Premier League goalsAlan Shearer [260]
89.4%
Most seasons in top-flightEverton [108 seasons]
85.4%
Most Premier League appearances at one clubRyan Giggs [555]
83.9%
Highest transfer fee out [player]Cristiano Ronaldo, �80M from Man United to Real Madrid
72.6%
Oldest GoalscorerTeddy Sheringham, 40 years and 268 days
64.1%
Record Player/Team % Correct
Most Premier League appearancesDavid James [573]
59.6%
Longest goalkeeping run without conceding a goal1,311 minutes - Edwin van der Sar
52.4%
Most top-flight goals scored in a seasonAston Villa [128 goals, season 1930-31]
47.4%
Most consecutive Premier League appearancesBrad Friedel [226]
42.1%
Highest transfer fee in [player]Robinho, �32.5M from Real Madrid to Man City
38%
Most goals in a seasonDixie Dean [60]
36.1%
Youngest GoalscorerJames Vaughan, 16 years and 271 days
36%
Most career top-flight goalsJimmy Greaves [357]
24.4%
Most played league fixtureAston Villa vs. Everton
23.1%

You're not logged in!

Compare scores with friends on all Sporcle quizzes.
OR
Log In

Show Comments

Extras

Top Quizzes Today


Score Distribution

Your Account Isn't Verified!

In order to create a playlist on Sporcle, you need to verify the email address you used during registration. Go to your Sporcle Settings to finish the process.

Report this User

Report this user for behavior that violates our Community Guidelines.

Details: